[Event "5MCR_4D_1L_2S"]
[Site "?"]
[Date "2002.??.??"]
[Round "?"]
[White "Jirk, Ales"]
[Black "Dedina, Miroslav"]
[Result "1-0"]
[WhiteElo "2210"]
[BlackElo "2285"]
[PlyCount "69"]
[EventDate "2002.??.??"]
[EventType "corr"]
[SourceDate "2004.??.??"]

1. e4 e6 2. d4 d5 3. Nd2 Nf6 4. e5 Nfd7 5. c3 c5 6. f4 Nc6 7. Ndf3 cxd4 8. cxd4
Bb4+ 9. Kf2 Nf8 10. Bd3 Ng6 11. g3 Qb6 12. h4 Bf8 13. Ne2 Bd7 14. Bd2 Nge7 15.
b4 Nf5 16. Rb1 Qd8 17. g4 Nh6 18. Kg3 Ne7 19. b5 f5 20. g5 Ng4 21. h5 Nc8 22.
a4 Nb6 23. Qb3 Be7 24. a5 Nc4 25. Bxc4 dxc4 26. Qxc4 Bc8 27. Bb4 Bxb4 28. Qxb4
Ne3 29. h6 Rg8 30. Qb3 Nd5 31. Nc3 Nxc3 32. Qxc3 Bd7 33. d5 Rc8 34. Qb3 a6 35.
bxa6 1-0

[Event "5MCR_4D_1L_2S"]
[Site "?"]
[Date "2002.??.??"]
[Round "?"]
[White "Jirk, Ales"]
[Black "Gresek, Jaromir"]
[Result "0-1"]
[WhiteElo "2210"]
[BlackElo "2015"]
[PlyCount "54"]
[EventDate "2002.??.??"]
[EventType "corr"]
[SourceDate "2004.??.??"]

1. e4 c5 2. Nf3 d6 3. d4 cxd4 4. Nxd4 Nf6 5. Nc3 Nc6 6. Bg5 e6 7. Qd2 a6 8.
O-O-O h6 9. Be3 Be7 10. f4 Bd7 11. Qe1 Qc7 12. Nf3 Rc8 13. Kb1 b5 14. Bd3 O-O
15. Ne2 a5 16. c3 b4 17. c4 d5 18. cxd5 exd5 19. e5 Ne4 20. Ng3 f5 21. Ba6 Ra8
22. Qe2 Nc3+ 23. bxc3 bxc3 24. Rxd5 Rfb8+ 25. Bb5 Be6 26. Ka1 Bxd5 27. Nxf5 Ba3
0-1

[Event "5MCR_4D_1L_2S"]
[Site "?"]
[Date "2002.??.??"]
[Round "?"]
[White "Jirk, Ales"]
[Black "Janous, Petr"]
[Result "1/2-1/2"]
[WhiteElo "2210"]
[BlackElo "2295"]
[PlyCount "77"]
[EventDate "2002.??.??"]
[EventType "corr"]
[SourceDate "2004.??.??"]

1. e4 e5 2. Nf3 Nc6 3. Bb5 a6 4. Ba4 Nf6 5. O-O Be7 6. Re1 b5 7. Bb3 O-O 8. h3
d6 9. c3 Na5 10. Bc2 c5 11. d4 Qc7 12. Nbd2 cxd4 13. cxd4 Bb7 14. Nf1 Rac8 15.
Re2 d5 16. Nxe5 dxe4 17. Ng3 Rfd8 18. Nf5 Bd6 19. Ng4 Nxg4 20. hxg4 Bh2+ 21.
Kh1 g6 22. Bxe4 gxf5 23. Bxf5 Bf4 24. Bxf4 Qxf4 25. Bxc8 Rxc8 26. Qe1 Qxd4 27.
f3 Nc4 28. Rd1 Qf6 29. b3 Nd6 30. Qd2 Re8 31. g5 Qg6 32. Rxe8+ Nxe8 33. Qe3 Bc6
34. Rd8 Qf5 35. Rxe8+ Bxe8 36. Qxe8+ Kg7 37. Qe3 Qb1+ 38. Kh2 Qxa2 39. Qd4+
1/2-1/2

[Event "5MCR_4D_1L_2S"]
[Site "?"]
[Date "2002.??.??"]
[Round "?"]
[White "Jirk, Ales"]
[Black "Jirkovsky, Tomas"]
[Result "1-0"]
[WhiteElo "2210"]
[BlackElo "2180"]
[PlyCount "80"]
[EventDate "2002.??.??"]
[EventType "corr"]
[SourceDate "2004.??.??"]

1. e4 c6 2. d4 d5 3. Nd2 dxe4 4. Nxe4 Nd7 5. Ng5 Ngf6 6. Bd3 e6 7. N1f3 h6 8.
Ne4 c5 9. Nxf6+ Nxf6 10. O-O cxd4 11. Nxd4 Bc5 12. Be3 Bb6 13. Qe1 Nd5 14. Nf5
O-O 15. Nxh6+ gxh6 16. Bxh6 Qf6 17. Bxf8 Kxf8 18. c4 Nf4 19. Qb4+ Kg7 20. c5
Bxc5 21. Qxc5 Nxd3 22. Qd6 Nf4 23. Rae1 Ng6 24. b3 Qe7 25. Qg3 Bd7 26. Re4 Bc6
27. Rg4 Rd8 28. Re1 Rd5 29. h3 Qd6 30. Qc3+ e5 31. b4 Rd1 32. Rxd1 Qxd1+ 33.
Kh2 Qe2 34. Qc5 a6 35. Qd6 Qxf2 36. Qxe5+ Qf6 37. Qg3 Bd7 38. Rc4 Qe5 39. Qxe5+
Nxe5 40. Rc5 Kf6 1-0

[Event "5MCR_4D_1L_2S"]
[Site "?"]
[Date "2002.??.??"]
[Round "?"]
[White "Jirk, Ales"]
[Black "Pokrupa, Marek"]
[Result "1-0"]
[WhiteElo "2210"]
[BlackElo "2200"]
[PlyCount "76"]
[EventDate "2002.??.??"]
[EventType "corr"]
[SourceDate "2004.??.??"]

1. e4 e6 2. d4 d5 3. Nd2 Nf6 4. e5 Nfd7 5. f4 c5 6. c3 Nc6 7. Ndf3 Qb6 8. Ne2
f6 9. g3 cxd4 10. Nexd4 Nxd4 11. cxd4 Bb4+ 12. Kf2 fxe5 13. fxe5 O-O 14. Kg2
Be7 15. Bd3 Rf7 16. Qe2 Nf8 17. Bg5 Bd7 18. Rac1 Rc8 19. Rxc8 Bxc8 20. Qc2 Bd7
21. Bxe7 Rxe7 22. Ng5 h6 23. Bh7+ Kh8 24. Rf1 Qd8 25. Bg8 Kxg8 26. Rxf8+ Kxf8
27. Qh7 Rf7 28. Qh8+ Ke7 29. Qxd8+ Kxd8 30. Nxf7+ Ke7 31. Nd6 b6 32. Kf3 a5 33.
Kg4 g6 34. Kf4 Kf8 35. h4 Ke7 36. g4 Kf8 37. g5 h5 38. Ke3 Ke7 1-0

[Event "5MCR_4D_1L_2S"]
[Site "?"]
[Date "2002.??.??"]
[Round "?"]
[White "Jirk, Ales"]
[Black "Staufcik, Robert"]
[Result "1/2-1/2"]
[WhiteElo "2210"]
[BlackElo "2285"]
[PlyCount "50"]
[EventDate "2002.??.??"]
[EventType "corr"]
[SourceDate "2004.??.??"]

1. e4 e5 2. Nf3 Nc6 3. Bb5 a6 4. Ba4 Nf6 5. O-O Be7 6. Re1 b5 7. Bb3 d6 8. c3
O-O 9. h3 Na5 10. Bc2 c5 11. d4 cxd4 12. cxd4 exd4 13. Nxd4 Re8 14. Nc3 Bd7 15.
Qd3 Nc4 16. f4 Rc8 17. b3 Ne5 18. fxe5 dxe5 19. Nd5 Bc5 20. Be3 Bxd4 21. Bxd4
exd4 22. e5 Nxd5 23. Qxh7+ Kf8 24. Qh8+ Ke7 25. Qh4+ Kf8 1/2-1/2

[Event "5MCR_4D_1L_2S"]
[Site "?"]
[Date "2002.??.??"]
[Round "?"]
[White "Jirkovsky, Tomas"]
[Black "Blatsky, Libor"]
[Result "0-1"]
[WhiteElo "2180"]
[BlackElo "2350"]
[PlyCount "54"]
[EventDate "2002.??.??"]
[EventType "corr"]
[SourceDate "2004.??.??"]

1. e4 c5 2. Nc3 Nc6 3. g3 g6 4. Bg2 Bg7 5. f4 d6 6. Nd5 e6 7. Ne3 Nge7 8. d3
O-O 9. Nf3 f5 10. O-O d5 11. e5 b5 12. c3 b4 13. cxb4 Nxb4 14. d4 Ba6 15. Rf2
Rc8 16. Nc2 Nd3 17. Rd2 c4 18. Nce1 Nxe1 19. Qxe1 Nc6 20. Rd1 Qb6 21. Ng5 Rfe8
22. Qc3 Nb4 23. Nh3 Rb8 24. Nf2 Rec8 25. Bd2 Nd3 26. Rab1 Bf8 27. Be3 Nxb2 0-1

[Event "5MCR_4D_1L_2S"]
[Site "?"]
[Date "2002.??.??"]
[Round "?"]
[White "Jirkovsky, Tomas"]
[Black "Gresek, Jaromir"]
[Result "0-1"]
[WhiteElo "2180"]
[BlackElo "2015"]
[PlyCount "54"]
[EventDate "2002.??.??"]
[EventType "corr"]
[SourceDate "2004.??.??"]

1. e4 c5 2. Nc3 Nc6 3. g3 g6 4. Bg2 Bg7 5. f4 d6 6. Nd5 e6 7. Ne3 Nge7 8. d3
O-O 9. Nf3 d5 10. e5 d4 11. Nc4 Nf5 12. O-O b5 13. Nh4 Nxh4 14. Bxc6 Rb8 15.
Na3 Nf5 16. Bxb5 Bb7 17. Kf2 f6 18. exf6 Qxf6 19. Kg1 Qd8 20. Bc4 Ne3 21. Qe2
Qd7 22. Kf2 Kh8 23. Bb5 Qd5 24. Rg1 e5 25. Nc4 exf4 26. gxf4 Qf5 27. Ke1 Qxf4
0-1

[Event "5MCR_4D_1L_2S"]
[Site "?"]
[Date "2002.??.??"]
[Round "?"]
[White "Jirkovsky, Tomas"]
[Black "Plesek, Jiri"]
[Result "0-1"]
[WhiteElo "2180"]
[BlackElo "2400"]
[PlyCount "90"]
[EventDate "2002.??.??"]
[EventType "corr"]
[SourceDate "2004.??.??"]

1. e4 e5 2. Nf3 Nc6 3. d4 exd4 4. c3 d5 5. exd5 Qxd5 6. cxd4 Bg4 7. Be2 Bb4+ 8.
Nc3 Bxf3 9. Bxf3 Qc4 10. Qb3 Qxb3 11. axb3 Nge7 12. O-O a6 13. Ra4 Bd6 14. Bg5
f6 15. Be3 O-O-O 16. Na2 Kb8 17. Ra1 Na7 18. Nc3 c6 19. d5 Nxd5 20. Nxd5 cxd5
21. Rd1 Be5 22. Bxd5 Rd7 23. Bf3 Rxd1+ 24. Bxd1 Rd8 25. Bc2 Bxb2 26. Kf1 h6 27.
Rg4 g5 28. h4 Nb5 29. hxg5 hxg5 30. f4 Bd4 31. Kf2 gxf4 32. Rxf4 a5 33. g4 b6
34. Kf3 Bxe3 35. Kxe3 Rd6 36. Bf5 Nc7 37. Rd4 Rxd4 38. Kxd4 Kb7 39. Bd7 Na6 40.
Kc4 Kc7 41. Bf5 Nc5 42. b4 axb4 43. Kxb4 Kc6 44. Bb1 b5 45. Kc3 Nd7 0-1

[Event "5MCR_4D_1L_2S"]
[Site "?"]
[Date "2002.??.??"]
[Round "?"]
[White "Jirkovsky, Tomas"]
[Black "Ramik, Jiri"]
[Result "1/2-1/2"]
[WhiteElo "2180"]
[BlackElo "2340"]
[PlyCount "74"]
[EventDate "2002.??.??"]
[EventType "corr"]
[SourceDate "2004.??.??"]

1. e4 e6 2. d4 d5 3. Nd2 Nf6 4. e5 Nfd7 5. Bd3 c5 6. c3 Nc6 7. Ne2 cxd4 8. cxd4
f6 9. exf6 Nxf6 10. Nf3 Bd6 11. g3 O-O 12. O-O e5 13. dxe5 Bxe5 14. Nxe5 Nxe5
15. Bf4 Nxd3 16. Qxd3 Bh3 17. Rfe1 Qd7 18. Rac1 Rac8 19. Nd4 Rxc1 20. Rxc1 a6
21. f3 Rc8 22. Rxc8+ Qxc8 23. b3 Qe8 24. Kf2 Qf8 25. Ke1 Qc5 26. g4 h5 27. gxh5
Nxh5 28. Bg5 Qa5+ 29. Qd2 Qc5 30. Qe3 Bd7 31. Qe5 Kf7 32. Kd1 Nf6 33. Bxf6 gxf6
34. Qe3 Qd6 35. f4 Qa3 36. Qf3 Qc5 37. Qe3 Qa3 1/2-1/2

[Event "5MCR_4D_1L_2S"]
[Site "?"]
[Date "2002.??.??"]
[Round "?"]
[White "Jirkovsky, Tomas"]
[Black "Riha, Jan"]
[Result "0-1"]
[WhiteElo "2180"]
[BlackElo "2315"]
[PlyCount "70"]
[EventDate "2002.??.??"]
[EventType "corr"]
[SourceDate "2004.??.??"]

1. e4 e5 2. Nf3 Nf6 3. Nc3 Nc6 4. Bb5 Nd4 5. Ba4 Bc5 6. Nxe5 O-O 7. Nd3 Bb6 8.
e5 Ne8 9. Nd5 d6 10. Ne3 Qh4 11. O-O Be6 12. c3 Qe4 13. Nb4 a5 14. Nbc2 Nf5 15.
Bxe8 Rfxe8 16. exd6 Nxd6 17. d4 Qg6 18. Ne1 Qf6 19. Nd3 c6 20. Re1 a4 21. Qh5
Ra5 22. Ne5 Bc7 23. Re2 Qe7 24. Qf3 Rb5 25. Re1 f6 26. Nd3 Qf7 27. a3 Nc4 28.
Nb4 Rh5 29. g3 Nxe3 30. Bxe3 Bd6 31. Nd3 Bd5 32. Qg4 f5 33. Qd1 f4 34. c4 fxg3
35. cxd5 Rxh2 0-1

[Event "5MCR_4D_1L_2S"]
[Site "?"]
[Date "2002.??.??"]
[Round "?"]
[White "Jirkovsky, Tomas"]
[Black "Svrsek, Radomir"]
[Result "1/2-1/2"]
[WhiteElo "2180"]
[BlackElo "2165"]
[PlyCount "97"]
[EventDate "2002.??.??"]
[EventType "corr"]
[SourceDate "2004.??.??"]

1. e4 e6 2. d4 d5 3. Nd2 c5 4. exd5 exd5 5. Ngf3 Nc6 6. Bb5 cxd4 7. Nxd4 Qe7+
8. Qe2 Qxe2+ 9. Kxe2 Bd7 10. N2f3 Bd6 11. Be3 Nf6 12. h3 O-O 13. Rhe1 Rfe8 14.
Kf1 Re7 15. c3 Rae8 16. Rad1 a6 17. Bd3 b5 18. Nf5 Bxf5 19. Bxf5 Ne5 20. Nxe5
Rxe5 21. Bc2 b4 22. Bd2 Rxe1+ 23. Rxe1 Rxe1+ 24. Kxe1 a5 25. cxb4 axb4 26. Bc1
Kf8 27. a4 bxa3 28. bxa3 Ke7 29. a4 Ne4 30. f3 Nc5 31. Ke2 g6 32. f4 Ne6 33. g3
Nd4+ 34. Kd3 Nxc2 35. Kxc2 Kd7 36. g4 Kc6 37. Kd3 Bf8 38. Be3 h5 39. gxh5 gxh5
40. f5 Bb4 41. Bd4 Be7 42. Ke3 Bg5+ 43. Kf3 Bd2 44. Bf6 Kc5 45. Ke2 Bc1 46. a5
Kb5 47. Bc3 Bg5 48. Kf3 Kc6 49. Bd4 1/2-1/2

[Event "5MCR_4D_1L_2S"]
[Site "?"]
[Date "2002.??.??"]
[Round "?"]
[White "Jirkovsky, Tomas"]
[Black "Trexler, Evzen"]
[Result "1/2-1/2"]
[WhiteElo "2180"]
[BlackElo "2365"]
[PlyCount "87"]
[EventDate "2002.??.??"]
[EventType "corr"]
[SourceDate "2004.??.??"]

1. e4 e5 2. Nf3 Nf6 3. Nc3 Nc6 4. Bb5 Bb4 5. O-O O-O 6. d3 Bxc3 7. bxc3 d6 8.
Bg5 h6 9. Bh4 Qe7 10. Re1 Nb8 11. d4 c6 12. Bd3 Re8 13. Nd2 Nbd7 14. Nc4 Nf8
15. f4 Ng6 16. fxe5 dxe5 17. Bg3 Bg4 18. Qb1 exd4 19. cxd4 Nh5 20. Bd6 Qd7 21.
c3 b5 22. Ne3 Qxd6 23. Nxg4 Nhf4 24. Bf1 Rad8 25. g3 Ne6 26. Ne3 b4 27. Nf5 Qb8
28. Qb2 a5 29. a3 bxc3 30. Qxc3 Ne7 31. Bg2 Qb6 32. Rab1 Qa7 33. Rbd1 Nc7 34.
Qc5 Qxc5 35. dxc5 Rxd1 36. Rxd1 Ne6 37. Nxe7+ Rxe7 38. Rd6 Rc7 39. e5 Kf8 40.
Bxc6 Ke7 41. Kf2 Nxc5 42. Ke3 Nb7 43. Bxb7 Rxb7 44. Ke4 1/2-1/2

[Event "5MCR_4D_1L_2S"]
[Site "?"]
[Date "2002.??.??"]
[Round "?"]
[White "Plesek, Jiri"]
[Black "Blatsky, Libor"]
[Result "0-1"]
[WhiteElo "2400"]
[BlackElo "2350"]
[PlyCount "112"]
[EventDate "2002.??.??"]
[EventType "corr"]
[SourceDate "2004.??.??"]

1. d4 d5 2. c4 e6 3. Nc3 c6 4. e4 dxe4 5. Nxe4 Bb4+ 6. Bd2 Qxd4 7. Bxb4 Qxe4+
8. Be2 Na6 9. Bc3 f6 10. Nf3 Ne7 11. O-O O-O 12. b4 Ng6 13. Re1 Nf4 14. Bf1 Qg6
15. g3 Qg4 16. Nh4 Nh3+ 17. Bxh3 Qxh3 18. f4 Re8 19. Qd6 Qg4 20. Rad1 Qh5 21.
Rd3 Qf7 22. Nf3 Qf8 23. a3 Qxd6 24. Rxd6 c5 25. b5 Nc7 26. Nd2 b6 27. Ne4 Rf8
28. a4 Ne8 29. Rd2 Rf7 30. a5 Kf8 31. Nd6 Re7 32. Nxc8 Rxc8 33. g4 Rcc7 34.
Red1 e5 35. fxe5 fxe5 36. Rd8 Re6 37. R1d5 Rce7 38. R5d7 Rxd7 39. Rxd7 Re7 40.
Rd8 Kf7 41. Kf1 Nf6 42. h3 Rd7 43. Rb8 Ne4 44. Be1 bxa5 45. Rc8 a4 46. Rc6 Nd6
47. Rxc5 a3 48. Rc6 a2 49. Ra6 Nxc4 50. Rxa2 Ke6 51. Bf2 Nd6 52. Bxa7 Nxb5 53.
Bf2 Kd5 54. Ra5 Kc4 55. Be1 Rd3 56. Kg2 Ra3 0-1

[Event "5MCR_4D_1L_2S"]
[Site "?"]
[Date "2002.??.??"]
[Round "?"]
[White "Plesek, Jiri"]
[Black "Efler, David"]
[Result "1-0"]
[WhiteElo "2400"]
[BlackElo "2195"]
[PlyCount "37"]
[EventDate "2002.??.??"]
[EventType "corr"]
[SourceDate "2004.??.??"]

1. d4 d5 2. c4 e6 3. Nc3 Nf6 4. Bg5 Be7 5. e3 O-O 6. Nf3 Nbd7 7. Rc1 c6 8. Bd3
dxc4 9. Bxc4 Nd5 10. Bxe7 Qxe7 11. Ne4 Qb4+ 12. Qd2 Qxd2+ 13. Kxd2 Rd8 14. Rhd1
N5f6 15. Nxf6+ Nxf6 16. Bd3 Bd7 17. e4 Rac8 18. Ke3 Be8 19. b4 1-0

[Event "5MCR_4D_1L_2S"]
[Site "?"]
[Date "2002.??.??"]
[Round "?"]
[White "Plesek, Jiri"]
[Black "Jirk, Ales"]
[Result "1-0"]
[WhiteElo "2400"]
[BlackElo "2210"]
[PlyCount "55"]
[EventDate "2002.??.??"]
[EventType "corr"]
[SourceDate "2004.??.??"]

1. d4 Nf6 2. c4 g6 3. Nc3 d5 4. cxd5 Nxd5 5. e4 Nxc3 6. bxc3 Bg7 7. Nf3 c5 8.
Rb1 O-O 9. Be2 b6 10. O-O Bb7 11. Qd3 Ba6 12. Qe3 cxd4 13. cxd4 Qd7 14. d5 e6
15. Ba3 Rc8 16. Rfc1 Bxe2 17. Qxe2 exd5 18. exd5 Rd8 19. Be7 Re8 20. d6 Nc6 21.
Qb5 Rec8 22. Re1 h6 23. h4 a6 24. Qd5 b5 25. h5 g5 26. Rb3 Re8 27. Nxg5 hxg5
28. Qxg5 1-0

[Event "5MCR_4D_1L_2S"]
[Site "?"]
[Date "2002.??.??"]
[Round "?"]
[White "Plesek, Jiri"]
[Black "Ramik, Jiri"]
[Result "1-0"]
[WhiteElo "2400"]
[BlackElo "2340"]
[PlyCount "126"]
[EventDate "2002.??.??"]
[EventType "corr"]
[SourceDate "2004.??.??"]

1. d4 Nf6 2. c4 e6 3. Nc3 Bb4 4. Qc2 O-O 5. a3 Bxc3+ 6. Qxc3 b6 7. Bg5 Bb7 8.
f3 h6 9. Bh4 d5 10. e3 Nbd7 11. cxd5 Nxd5 12. Bxd8 Nxc3 13. Bh4 Nd5 14. Bf2 c5
15. Bb5 Rfd8 16. e4 Nc7 17. Bxd7 Rxd7 18. dxc5 bxc5 19. Bxc5 f5 20. exf5 exf5
21. Rd1 Rxd1+ 22. Kxd1 Ne6 23. Be3 f4 24. Bf2 Rd8+ 25. Kc1 Rc8+ 26. Kb1 Ba6 27.
Nh3 Bd3+ 28. Ka2 a5 29. Rd1 Bc2 30. Rd2 a4 31. Ng1 Kf7 32. Ne2 g5 33. b4 axb3+
34. Kb2 Rb8 35. Nc1 h5 36. h3 Ke8 37. Rd5 Bg6 38. Nd3 Bf7 39. Ne5 Bg8 40. Nd7
Rc8 41. Nf6+ Kf7 42. Ne4 Ke7 43. Rd2 Bf7 44. a4 Ra8 45. Nc3 Rc8 46. Rd5 Rc7 47.
a5 Rc6 48. Bb6 Rd6 49. Rxd6 Kxd6 50. a6 Kc6 51. a7 Kb7 52. Bf2 Ng7 53. Ne4 Nf5
54. Nxg5 Bd5 55. Ne4 h4 56. Nc5+ Kxa7 57. Nxb3+ Kb7 58. Kc3 Bxb3 59. Kxb3 Kc6
60. Kc4 Kd6 61. Kd3 Ke5 62. Bb6 Ne7 63. Bd8 Ng6 1-0

[Event "5MCR_4D_1L_2S"]
[Site "?"]
[Date "2002.??.??"]
[Round "?"]
[White "Plesek, Jiri"]
[Black "Riha, Jan"]
[Result "1-0"]
[WhiteElo "2400"]
[BlackElo "2315"]
[PlyCount "95"]
[EventDate "2002.??.??"]
[EventType "corr"]
[SourceDate "2004.??.??"]

1. d4 Nf6 2. c4 e6 3. Nc3 Bb4 4. Qc2 O-O 5. a3 Bxc3+ 6. Qxc3 b6 7. Bg5 Bb7 8.
f3 d5 9. e3 Nbd7 10. cxd5 exd5 11. Bd3 c5 12. Ne2 h6 13. Bh4 Rc8 14. O-O Re8
15. Qd2 Qe7 16. Bf2 Nf8 17. Rfe1 Ne6 18. Rad1 c4 19. Bc2 a6 20. Nc3 Rc7 21. e4
dxe4 22. fxe4 Rd7 23. d5 b5 24. Bh4 Qc5+ 25. Kh1 Ng5 26. Bxg5 hxg5 27. Qxg5 Qd6
28. e5 Rde7 29. e6 fxe6 30. Bg6 Rf8 31. Ne4 Nxe4 32. Bxe4 Rf4 33. h3 e5 34. Qh5
g6 35. Bxg6 Qf6 36. Re4 Bc8 37. Rxf4 Qxf4 38. Re1 Qf2 39. Re4 Qf1+ 40. Kh2 Qf6
41. Rh4 e4 42. d6 Qxd6+ 43. Kh1 Qe5 44. Qh6 e3 45. Bh7+ Rxh7 46. Qxh7+ Kf8 47.
Re4 Qf6 48. Qc7 1-0

[Event "5MCR_4D_1L_2S"]
[Site "?"]
[Date "2002.??.??"]
[Round "?"]
[White "Plesek, Jiri"]
[Black "Svrsek, Radomir"]
[Result "1-0"]
[WhiteElo "2400"]
[BlackElo "2165"]
[PlyCount "89"]
[EventDate "2002.??.??"]
[EventType "corr"]
[SourceDate "2004.??.??"]

1. d4 Nf6 2. c4 g6 3. Nc3 Bg7 4. e4 d6 5. f3 O-O 6. Be3 e5 7. d5 c6 8. Bd3 Nfd7
9. Qd2 f5 10. exf5 gxf5 11. O-O-O Nf6 12. Kb1 cxd5 13. cxd5 Na6 14. Ka1 Nb4 15.
Bb1 Bd7 16. Nge2 Rc8 17. Bh6 Bxh6 18. Qxh6 Rf7 19. Ng3 Ne8 20. Nh5 Qa5 21. Qd2
Rc4 22. g4 f4 23. g5 Kh8 24. Rhg1 Bf5 25. Bxf5 Rxf5 26. a3 Rd4 27. Qe2 Nxd5 28.
Rxd4 Nxc3 29. Qe1 Qc5 30. Rd2 Nd5 31. Qb1 Ne7 32. Rc1 Qe3 33. Rc8 Rf8 34. Rxe8
Rxe8 35. Rd3 Qf2 36. Nf6 Rf8 37. Rxd6 Qh4 38. Rd7 Rxf6 39. Rxe7 Rg6 40. Qf5
Qxg5 41. Re8+ Rg8 42. Qxg5 Rxe8 43. h4 Re6 44. Qf5 Re8 45. h5 1-0

[Event "5MCR_4D_1L_2S"]
[Site "?"]
[Date "2002.??.??"]
[Round "?"]
[White "Plesek, Jiri"]
[Black "Trexler, Evzen"]
[Result "1/2-1/2"]
[WhiteElo "2400"]
[BlackElo "2365"]
[PlyCount "59"]
[EventDate "2002.??.??"]
[EventType "corr"]
[SourceDate "2004.??.??"]

1. d4 d5 2. c4 e6 3. Nc3 c6 4. e4 dxe4 5. Nxe4 Bb4+ 6. Bd2 Qxd4 7. Bxb4 Qxe4+
8. Be2 Na6 9. Bc3 Ne7 10. Bxg7 Rg8 11. Bf6 Rg6 12. Bxe7 Kxe7 13. Qd2 e5 14. Rd1
Be6 15. f3 Qh4+ 16. g3 Rxg3 17. hxg3 Qxh1 18. Qg5+ f6 19. Qg7+ Bf7 20. Rd7+
Kxd7 21. Qxf7+ Kc8 22. Kf1 b6 23. Bd3 Qh6 24. Bf5+ Kb8 25. Qd7 Qf8 26. Qxc6 Nc5
27. Ne2 Qd8 28. Nc3 a5 29. Nd5 Ka7 30. Nc7 1/2-1/2

[Event "5MCR_4D_1L_2S"]
[Site "?"]
[Date "2002.??.??"]
[Round "?"]
[White "Pokrupa, Marek"]
[Black "Blatsky, Libor"]
[Result "0-1"]
[WhiteElo "2200"]
[BlackElo "2350"]
[PlyCount "48"]
[EventDate "2002.??.??"]
[EventType "corr"]
[SourceDate "2004.??.??"]

1. Nf3 d5 2. g3 Nf6 3. Bg2 c6 4. O-O Bg4 5. h3 Bxf3 6. exf3 g6 7. b3 Bg7 8. Bb2
e6 9. d4 O-O 10. Nd2 Nbd7 11. Qe2 c5 12. dxc5 Nxc5 13. Rfd1 Qb6 14. a4 a5 15.
Bd4 Ne8 16. Bxg7 Nxg7 17. Nf1 Nf5 18. Ne3 Nd6 19. Ng4 f5 20. Ne5 f4 21. Kh2 Nf7
22. Nd3 Nxd3 23. Rxd3 Rac8 24. Rd2 Rc6 0-1

[Event "5MCR_4D_1L_2S"]
[Site "?"]
[Date "2002.??.??"]
[Round "?"]
[White "Pokrupa, Marek"]
[Black "Gresek, Jaromir"]
[Result "0-1"]
[WhiteElo "2200"]
[BlackElo "2015"]
[PlyCount "58"]
[EventDate "2002.??.??"]
[EventType "corr"]
[SourceDate "2004.??.??"]

1. Nf3 c5 2. g3 Nc6 3. Bg2 g6 4. d4 cxd4 5. Nxd4 Bg7 6. Nxc6 bxc6 7. O-O Rb8 8.
Nd2 Nf6 9. Nb3 Qc7 10. Bd2 d6 11. Ba5 Qd7 12. Bc3 O-O 13. Qd2 c5 14. Rfe1 Qc7
15. Rad1 c4 16. Na5 Rb5 17. b4 cxb3 18. Nxb3 Ne4 19. Ba5 Nxd2 20. Bxc7 Nxb3 21.
cxb3 Bc3 22. Rf1 Ba6 23. Bxd6 exd6 24. Rxd6 Ra5 25. Rc1 Rxa2 26. Rxa6 Rxa6 27.
Rxc3 Ra1+ 28. Bf1 Rd8 29. f4 Rdd1 0-1

[Event "5MCR_4D_1L_2S"]
[Site "?"]
[Date "2002.??.??"]
[Round "?"]
[White "Pokrupa, Marek"]
[Black "Jirkovsky, Tomas"]
[Result "1/2-1/2"]
[WhiteElo "2200"]
[BlackElo "2180"]
[PlyCount "43"]
[EventDate "2002.??.??"]
[EventType "corr"]
[SourceDate "2004.??.??"]

1. Nf3 Nf6 2. g3 g6 3. Bg2 Bg7 4. O-O O-O 5. c4 c5 6. d4 d6 7. Nc3 Nc6 8. dxc5
dxc5 9. Bf4 Qa5 10. Ne5 Nxe5 11. Bxe5 Rd8 12. Qa4 Qb6 13. Qb5 Qxb5 14. Nxb5 Ne8
15. Bxg7 Kxg7 16. b3 Rd2 17. Rfd1 Rxe2 18. Rd8 Nf6 19. Nc7 Rb8 20. Nb5 Ra8 21.
Nc7 Rb8 22. Nb5 1/2-1/2

[Event "5MCR_4D_1L_2S"]
[Site "?"]
[Date "2002.??.??"]
[Round "?"]
[White "Pokrupa, Marek"]
[Black "Plesek, Jiri"]
[Result "0-1"]
[WhiteElo "2200"]
[BlackElo "2400"]
[PlyCount "58"]
[EventDate "2002.??.??"]
[EventType "corr"]
[SourceDate "2004.??.??"]

1. e4 e5 2. Nf3 Nc6 3. Bb5 a6 4. Bxc6 dxc6 5. O-O Qd6 6. a4 Bg4 7. d3 f6 8. Be3
c5 9. Nbd2 O-O-O 10. Qb1 Ne7 11. Nc4 Qd7 12. Nfd2 Nc6 13. f3 Be6 14. Nb3 b6 15.
a5 b5 16. Ncd2 Nd4 17. Nc1 g5 18. c3 Nc6 19. Ndb3 c4 20. dxc4 Bxc4 21. Re1 g4
22. fxg4 Qxg4 23. Qc2 Rg8 24. Nc5 Bxc5 25. Bxc5 f5 26. b3 Be6 27. Qe2 fxe4 28.
Qxg4 Rxg4 29. Be3 Ne7 0-1

[Event "5MCR_4D_1L_2S"]
[Site "?"]
[Date "2002.??.??"]
[Round "?"]
[White "Pokrupa, Marek"]
[Black "Riha, Jan"]
[Result "0-1"]
[WhiteElo "2200"]
[BlackElo "2315"]
[PlyCount "76"]
[EventDate "2002.??.??"]
[EventType "corr"]
[SourceDate "2004.??.??"]

1. e4 e5 2. Nf3 Nf6 3. Nxe5 d6 4. Nf3 Nxe4 5. d4 d5 6. Bd3 Be7 7. O-O Nc6 8. c4
Nf6 9. Nc3 O-O 10. h3 Nb4 11. Be2 Bf5 12. a3 Nc6 13. Bf4 Bd6 14. cxd5 Ne7 15.
Bg5 Ne4 16. Bc4 Nxg5 17. Nxg5 Nc8 18. Nge4 Nb6 19. Ba2 Re8 20. Qf3 Bg6 21. Rfe1
Bf8 22. Re3 Qh4 23. Rae1 Red8 24. Ne2 Nc8 25. Nc5 Nd6 26. Re5 a6 27. Nf4 b6 28.
Nxg6 hxg6 29. Ne4 Nf5 30. d6 Bxd6 31. Rxf5 gxf5 32. Qxf5 Qh7 33. Bxf7+ Kh8 34.
Bg6 Qh6 35. Ng5 Rf8 36. Nf7+ Rxf7 37. Qxf7 Rf8 38. Re8 Qc1+ 0-1

[Event "5MCR_4D_1L_2S"]
[Site "?"]
[Date "2002.??.??"]
[Round "?"]
[White "Pokrupa, Marek"]
[Black "Trexler, Evzen"]
[Result "1/2-1/2"]
[WhiteElo "2200"]
[BlackElo "2365"]
[PlyCount "45"]
[EventDate "2002.??.??"]
[EventType "corr"]
[SourceDate "2004.??.??"]

1. e4 e5 2. Nf3 Nf6 3. Nxe5 d6 4. Nf3 Nxe4 5. d4 d5 6. Bd3 Be7 7. O-O Nc6 8. c4
Nb4 9. Be2 O-O 10. Nc3 b6 11. a3 Nxc3 12. bxc3 Nc6 13. cxd5 Qxd5 14. Re1 Bb7
15. Bd3 Rae8 16. c4 Qd8 17. d5 Nb8 18. Ne5 f5 19. Qh5 Bc8 20. Bb2 Bc5 21. Nf3
Re7 22. Ng5 h6 23. Nf3 1/2-1/2

[Event "5MCR_4D_1L_2S"]
[Site "?"]
[Date "2002.??.??"]
[Round "?"]
[White "Ramik, Jiri"]
[Black "Alexa, Jaroslav"]
[Result "0-1"]
[WhiteElo "2340"]
[BlackElo "2365"]
[PlyCount "70"]
[EventDate "2002.??.??"]
[EventType "corr"]
[SourceDate "2004.??.??"]

1. d4 d5 2. c4 c6 3. Nf3 Nf6 4. Nc3 e6 5. Bg5 h6 6. Bxf6 Qxf6 7. e3 Nd7 8. Bd3
dxc4 9. Bxc4 g6 10. O-O Bg7 11. Rc1 O-O 12. Re1 Rd8 13. Qc2 Qe7 14. a3 b6 15.
e4 Bb7 16. e5 a6 17. Ba2 Rac8 18. Rcd1 c5 19. d5 c4 20. h3 b5 21. Re2 Qe8 22.
h4 exd5 23. h5 d4 24. Nxd4 Nxe5 25. hxg6 fxg6 26. f4 Rxd4 27. Rxd4 Nf3+ 28. Kf1
Qf7 29. Rd3 Nd4 30. Qd2 Nxe2 31. Nxe2 Qf5 32. Rd7 Bc6 33. Rd8+ Rxd8 34. Qxd8+
Kh7 35. Qd2 Qg4 0-1

[Event "5MCR_4D_1L_2S"]
[Site "?"]
[Date "2002.??.??"]
[Round "?"]
[White "Ramik, Jiri"]
[Black "Dedina, Miroslav"]
[Result "1/2-1/2"]
[WhiteElo "2340"]
[BlackElo "2285"]
[PlyCount "70"]
[EventDate "2002.??.??"]
[EventType "corr"]
[SourceDate "2004.??.??"]

1. Nf3 Nf6 2. c4 g6 3. Nc3 Bg7 4. g3 O-O 5. Bg2 d6 6. O-O e5 7. d4 exd4 8. Nxd4
Nbd7 9. e4 Nc5 10. h3 a5 11. Re1 Re8 12. Ndb5 Bd7 13. Bg5 h6 14. Bf4 g5 15. Bc1
a4 16. Qc2 Qc8 17. Kh2 g4 18. h4 Be6 19. Nd5 Bxd5 20. cxd5 Nxd5 21. Bxh6 Nb4
22. Qd2 Bxh6 23. Qxh6 Re6 24. Qd2 Nbd3 25. Re2 Qd8 26. Nd4 Rg6 27. Rd1 Ne5 28.
Qe3 Rg7 29. Nf5 Rh7 30. Rc2 b6 31. Rc3 Rh5 32. Kg1 Qf6 33. Qc1 Re8 34. b4 axb3
35. axb3 Nc6 1/2-1/2

[Event "5MCR_4D_1L_2S"]
[Site "?"]
[Date "2002.??.??"]
[Round "?"]
[White "Ramik, Jiri"]
[Black "Efler, David"]
[Result "1/2-1/2"]
[WhiteElo "2340"]
[BlackElo "2195"]
[PlyCount "42"]
[EventDate "2002.??.??"]
[EventType "corr"]
[SourceDate "2004.??.??"]

1. d4 d5 2. Nf3 Nf6 3. c4 e6 4. Nc3 c6 5. Bg5 dxc4 6. e4 b5 7. e5 h6 8. Bh4 g5
9. Nxg5 hxg5 10. Bxg5 Be7 11. exf6 Bxf6 12. Bxf6 Qxf6 13. g3 Bb7 14. Bg2 Na6
15. Nxb5 O-O-O 16. Qa4 cxb5 17. Bxb7+ Kxb7 18. Qxb5+ Ka8 19. Qc6+ Kb8 20. Qb5+
Ka8 21. Qc6+ Kb8 1/2-1/2